LDR 00890naa#a2200229#i#450# 001 EN\\bibl\126532 005 20260701065935.3 011 ## _a2074-9414 100 ## _a20260630b2026####ek#y0engy0150####ca 101 0# _aRUS 102 ## _aRU 200 1# _aGenetic Determinants of Antagonistic and Growth-Stimulating Activity of Pantoea pleuroti _eJournal article 210 1# _aKemerovo _cKemerovo State University _d2026 215 ## _a12 с. 608 ## _aJournal article _2local 675 ## _aХимическая технология. Химическая промышленность. Пищевая промышленность. Металлургия. Родственные отрасли. 66 _zRUS 700 #1 _aSerazetdinova _gYuliya R. 700 #1 _aFotina _gNatalya V. 700 #1 _aTupikin _gAlexey E. 700 #1 _aLyubimova _gNadezhda A. 700 #1 _aAsyakina _gLyudmila K. 856 4# _ajcenter.kemsu.ru _u